Les joueurs sélectionnés en équipe de France (2018-2019) - Statistiques

Statistiques générales
  • Ce quiz a été pris 211 fois
  • Le résultat moyen est 29 sur 41
Statistiques - réponses
Joueurs Minutes jouées Sélections Convocations Buts Passes décesives % Correct
Antoine Griezmann 924 11 5 5 4
100%
Olivier Giroud 740 10 5 4 0
99%
Benjamin Pavard 855 10 5 0 1
98%
Hugo Lloris 720 8 5 0 0
98%
Kylian Mbappé 826 11 5 5 3
98%
Paul Pogba 787 9 5 0 1
98%
Raphael Varane 765 10 5 1 0
98%
N'Golo Kante 620 7 5 0 0
97%
Steve Mandanda 0 0 3 / /
97%
Lucas Hernandez 242 3 2 0 1
96%
Samuel Umtiti 539 6 3 1 0
95%
Blaise Matuidi 629 9 5 0 2
91%
Alphonse Areola 270 3 5 0 0
88%
Ousmane Dembele 121 5 3 0 0
84%
Florian Thauvin 301 5 5 1 1
83%
Adil Rami 90 1 2 0 0
81%
Benjamin Mendy 28 1 2 0 1
78%
Ferland Mendy 236 4 2 0 0
78%
Nabil Fekir 39 3 4 0 0
78%
Kingsley Coman 69 2 2 0 0
74%
Corentin Tolisso 4 1 1 0 0
73%
Steven Nzonzi 207 5 3 0 0
70%
Djibril Sidibe 0 0 4 / /
69%
Presnel Kimpembe 320 5 4 0 0
69%
Thomas Lemar 133 5 4 1 1
64%
Wissam Ben Yedder 136 3 1 1 0
62%
Lucas Digne 304 4 4 0 0
59%
Dimitri Payet 23 1 1 0 0
58%
Benoit Costil 0 0 1 / /
54%
Alexandre Lacazette 0 0 1 / /
53%
Clément Lenglet 90 1 1 0 0
53%
Anthony Martial 0 0 2 / /
52%
Moussa Sissoko 141 5 3 0 0
52%
Mike Maignan 0 0 1 / /
47%
Tanguy Ndombele 232 6 4 0 0
43%
Kurt Zouma 136 3 3 1 0
41%
Léo Dubois 135 2 1 0 0
40%
Benjamin Lecomte 0 0 2 / /
36%
Layvin Kurzawa 175 2 1 0 0
31%
Mamadou Sakho 45 1 2 0 0
27%
Alassane Pléa 10 1 1 0 0
25%
Aucun quiz correspondant
Distribution des résultats
% des personnes avec chaque résultat
Percentile par nombre de réponses
Votre historique - résultats
Vous n’avez pas pris ce quiz